| 000 | 00276 a2200121 4500 | ||
|---|---|---|---|
| 999 |
_c327565 _d327565 |
||
| 001 | 92492 | ||
| 003 | NUST | ||
| 005 | 20180120144924.0 | ||
| 008 | 180120b xxu||||| |||| 00| 0 eng d | ||
| 082 | _a891.4393/AMJ | ||
| 100 |
_aAmjad Javed _99249 |
||
| 245 | _aQalander Zat Vol II | ||
| 260 |
_aLahore _bILm O Irfan _c2014 |
||
| 300 | _a312p. | ||
| 942 |
_aCAE NUST _cBK _k891.4393/AMJ _2ddc |
||